Auditing and Assurance (Record no. 51032)

MARC details
000 -LEADER
fixed length control field 00599nam a22002177a 4500
005 - DATE AND TIME OF LATEST TRANSACTION
control field 20181218101811.0
010 ## - LCCN (DPL NO)
LC control number B-422621 B-691604
020 ## - INTERNATIONAL STANDARD BOOK NUMBER
Terms of availability 315.00
035 ## - SYSTEM CONTROL NUMBER
System control number B-422621
037 ## - SOURCE OF ACQUISITION
Stock number Bestword
Source of stock number/acquisition RP/BL-4
082 ## - DEWEY DECIMAL CLASSIFICATION NUMBER
Classification number 657.45
100 ## - MAIN ENTRY--PERSONAL NAME
Personal name Bansal,Surbhi
245 ## - TITLE STATEMENT
Title Auditing and Assurance
Statement of responsibility, etc Surbhi Bansal
250 ## - EDITION STATEMENT
Edition statement 6th ed.
260 ## - PUBLICATION, DISTRIBUTION, ETC. (IMPRINT)
Place of publication, distribution, etc Delhi
Name of publisher, distributor, etc Bestword Publications
Date of publication, distribution, etc 2010
270 ## - ADDRESS
Address B-11,Third floor,Swasthya Vihar
City Delhi
Postal code 110092
300 ## - PHYSICAL DESCRIPTION
Extent I-56,276p
Dimensions 26cm(pbk)
700 ## - ADDED ENTRY--PERSONAL NAME
Personal name Bansal,Surbhi
9 (RLIN) 26515
942 ## - ADDED ENTRY ELEMENTS (KOHA)
Source of classification or shelving scheme Dewey Decimal Classification
Item type English Books
Classification part 657.45
Call number prefix BAN
Holdings
Withdrawn status Lost status Not for loan Collection code Home library Current library Date acquired Source of acquisition Cost, normal purchase price Full call number Barcode Copy number Cost, replacement price Koha item type
      Non-fiction Central Library Central Library 10/05/2018 BPPD/ PUR/RP-pansy/1743/7-5-2018 525.00 657.45 BAN B-691604 1 525.00 English Books
      Non-fiction Shahdara Branch Shahdara Branch 12/03/2011 UBH/253/15/15.2.11/2/RP/BL-4 315.00 657.45 BAN B-422621 1 315.00 English Books

© Delhi Public Library
Hit Counter
free hit counter